| 000 | 00452nam a2200181 a 4500 | ||
|---|---|---|---|
| 001 | 1758096254023 | ||
| 003 | ACL | ||
| 005 | 20250917133613.0 | ||
| 008 | 250917s2008##################000#0#eng## | ||
| 020 | _a9781844571321 | ||
| 082 | 0 | 4 |
_a791.4575 _bCLA |
| 100 | 1 |
_aPoints, Jeremy, _eauthor. |
|
| 245 | 1 | 0 | _aTeaching TV Drama : |
| 260 |
_bBritish Film Institute, _c2008. |
||
| 650 | 0 | _aPerforming Arts. | |
| 942 | _cENGLISH | ||
| 040 |
_aACL _beng _cACL |
||
| 999 |
_c587668 _d587668 |
||